Retos de la segunda mitad de tu vida : (Registro nro. 59068)
[ vista simple ]
| 000 -LEADER | |
|---|---|
| fixed length control field | 01143cam a2200301 i 4500 |
| 001 - CONTROL NUMBER | |
| control field | 59068 |
| 003 - CONTROL NUMBER IDENTIFIER | |
| control field | Mx-PuUPA |
| 005 - DATE AND TIME OF LATEST TRANSACTION | |
| control field | 20251003091136.0 |
| 008 - FIXED-LENGTH DATA ELEMENTS--GENERAL INFORMATION | |
| fixed length control field | 140415s2016 mx gr 000 0 spa d |
| 020 ## - INTERNATIONAL STANDARD BOOK NUMBER | |
| International Standard Book Number | 9786070507236 |
| 040 ## - CATALOGING SOURCE | |
| Original cataloging agency | MX-PuUPA |
| Language of cataloging | spa |
| Description conventions | rda |
| Transcribing agency | Mx-PuUPA |
| Modifying agency | Mx-PuUPA |
| 041 0# - LANGUAGE CODE | |
| Language code of text/sound track or separate title | spa |
| 100 1# - MAIN ENTRY--PERSONAL NAME | |
| Personal name | Pardo García, Martha, |
| Relator term | autor |
| 9 (RLIN) | 6090 |
| 245 10 - TITLE STATEMENT | |
| Title | Retos de la segunda mitad de tu vida : |
| Remainder of title | desarrolla tu máximo potencial en la edad adulta / |
| Statement of responsibility, etc. | Martha Pardo García ; prólogo de Josefina Vázquez Mota |
| 264 #1 - PRODUCTION, PUBLICATION, DISTRIBUTION, MANUFACTURE, AND COPYRIGHT NOTICE | |
| Place of production, publication, distribution, manufacture | México, CDMX : |
| Name of producer, publisher, distributor, manufacturer | Editorial Limusa, |
| Date of production, publication, distribution, manufacture, or copyright notice | ©2016 |
| 300 ## - PHYSICAL DESCRIPTION | |
| Extent | 318 páginas ; |
| Dimensions | 23 cm |
| 336 ## - CONTENT TYPE | |
| Content type term | texto |
| Fuente | rdacontent |
| Content type code | txt |
| 337 ## - MEDIA TYPE | |
| Media type term | sin medio |
| Source | rdamedia |
| Media type code | n |
| 338 ## - CARRIER TYPE | |
| Carrier type term | volumen |
| Source | rdacarrier |
| Carrier type code | nc |
| 490 0# - SERIES STATEMENT | |
| Series statement | Llave maestra |
| 650 #7 - SUBJECT ADDED ENTRY--TOPICAL TERM | |
| Source of heading or term | armarc |
| Topical term or geographic name entry element | Edad madura |
| General subdivision | Aspectos psicológicos |
| 700 1# - ADDED ENTRY--PERSONAL NAME | |
| Personal name | Vázquez Mota, Josefina, |
| Relator term | prologuista |
| 942 ## - ADDED ENTRY ELEMENTS (KOHA) | |
| Source of classification or shelving scheme | Dewey Decimal Classification |
| Koha item type | Libro |
| Classification part | 155.66 |
| Item part | P22 |
| Withdrawn status | Lost status | Source of classification or shelving scheme | Damaged status | Not for loan | Collection code | Home library | Current library | Shelving location | Date acquired | Source of acquisition | Total Checkouts | Total Renewals | Full call number | Barcode | Date last seen | Date last checked out | Price effective from | Koha item type | Copy number | Cost, normal purchase price | Cost, replacement price |
|---|---|---|---|---|---|---|---|---|---|---|---|---|---|---|---|---|---|---|---|---|---|
| Dewey Decimal Classification | General | Biblioteca Karol Wojtyla | Biblioteca Karol Wojtyla | Sala general | 25/10/2017 | Compra | 2 | 1 | 155.66 P22 2016 | 98712 | 05/01/2026 | 05/03/2020 | 09/11/2017 | Libro | |||||||
| Dewey Decimal Classification | General | Biblioteca Karol Wojtyla | Biblioteca Karol Wojtyla | Sala general | 09/11/2017 | Compra | 155.66 P221 2016 | 98714 | 05/01/2026 | 09/11/2017 | Libro | Ej.1 | |||||||||
| Dewey Decimal Classification | General | Biblioteca Karol Wojtyla | Biblioteca Karol Wojtyla | Sala general | 13/06/2018 | Compra | 1 | 155.66 P221 2016 | 99112 | 05/01/2026 | 22/08/2018 | 13/06/2018 | Libro | Ej.2 | |||||||
| Dewey Decimal Classification | General | Biblioteca Karol Wojtyla | Biblioteca Karol Wojtyla | Sala general | 29/06/2018 | 1 | 1 | 1 | 155.66 P221 2016 | 99539 | 05/01/2026 | 27/09/2022 | 29/06/2018 | Libro | Ej.3 | 219.00 | 219.00 |